00498nam a22001817a 450000500170000001000150001702000260003203500140005803700130007208200110008510000170009624500640011325000160017726000380019327000310023130000350026250000190029720170822154405.0 aENG-119975 c675.00a9789381113806 aEN-103507 bDBAD/PUB a342.54 aAcharya, N.K aSupreme court on constitution of Indian /cby N.K Acharya  a1st Edition aHyderabad bAsia Law House c2012 a1, ALH, Koti, bHyderabad. axivii, 816p. :c22cm (Hb)bill aInclude index